<?xml version="1.0" encoding="UTF-8"?>
<record
    xmlns:xsi="http://www.w3.org/2001/XMLSchema-instance"
    xsi:schemaLocation="http://www.loc.gov/MARC21/slim http://www.loc.gov/standards/marcxml/schema/MARC21slim.xsd"
    xmlns="http://www.loc.gov/MARC21/slim">

  <leader>02230nam a2200313Ia 4500</leader>
  <controlfield tag="001">H8235</controlfield>
  <controlfield tag="003">IT-RoPAU</controlfield>
  <controlfield tag="008">130308s9999    xx            000 0 und d</controlfield>
  <datafield tag="040" ind1=" " ind2=" ">
    <subfield code="a">IT-RoPAU</subfield>
  </datafield>
  <datafield tag="040" ind1=" " ind2=" ">
    <subfield code="c">IT-RoPAU</subfield>
  </datafield>
  <datafield tag="041" ind1=" " ind2=" ">
    <subfield code="a">ITALIANO</subfield>
  </datafield>
  <datafield tag="100" ind1=" " ind2=" ">
    <subfield code="a">Beniger James R.</subfield>
  </datafield>
  <datafield tag="100" ind1=" " ind2=" ">
    <subfield code="g">Codice Aut. SPICS: 21240</subfield>
  </datafield>
  <datafield tag="240" ind1=" " ind2=" ">
    <subfield code="a">CONTROL REVOLUTION (THE)</subfield>
  </datafield>
  <datafield tag="240" ind1=" " ind2=" ">
    <subfield code="g">Codice Tit. Orig. Spics: T3739</subfield>
  </datafield>
  <datafield tag="245" ind1=" " ind2=" ">
    <subfield code="a">Origini della societ&#xE0; dell'informazione (Le). La rivoluzione del controllo</subfield>
  </datafield>
  <datafield tag="245" ind1=" " ind2=" ">
    <subfield code="b">Origini della Societa' dell'informazione (Le). La Rivoluzione del Controllo</subfield>
  </datafield>
  <datafield tag="250" ind1=" " ind2=" ">
    <subfield code="a">1a ed.</subfield>
  </datafield>
  <datafield tag="260" ind1=" " ind2=" ">
    <subfield code="a">TORINO</subfield>
  </datafield>
  <datafield tag="260" ind1=" " ind2=" ">
    <subfield code="b">Utet Libreria</subfield>
  </datafield>
  <datafield tag="260" ind1=" " ind2=" ">
    <subfield code="c">1995 [1&#xB0; Ed.:1995 - Ed.Ling.Originale:1986]</subfield>
  </datafield>
  <datafield tag="300" ind1=" " ind2=" ">
    <subfield code="a">"588 p. (prefazione: 42; testo: 546 [pagine: 0-0])"</subfield>
  </datafield>
  <datafield tag="500" ind1=" " ind2=" ">
    <subfield code="a">"I sistemi Viventi, tecnologia ed Evoluzione Controllo: Programmazione e Controllo, Essenza Processo vitale (Societ&#xE0; Come Processore; Dna Demone Decisionale Vita...); Evoluzione Controllo Cultura e Societa'(Cervello, Cultura, Societa'; Socialit&#xE0; Linguaggio Controllo; 3 Funzioni Dna). Ii Industrializzazione, Velocit&#xE0; Elaborazione e Crisi Controllo: Dalla Tradizione Alla Razionalizzazione Decentrare Controllo (Factorage Come Sistema Decentralizzazione Controllo; Jobber Come Strumento Controllo Sistema Distributivo); Verso Industrializzazione, Controllo Energia e Velocita'; Rivoluzione Industriale e Crisi Controllo (Processi produttivi Diventano Flussi). III Verso Societ&#xE0; Informazione Dalla Crisi Controllo Alla Rivoluzione Controllo: Nellaproduzione e Distribuzione (Catena montaggio Come tecnologia di Preelaborazione; Controllo Qualit&#xE0; e Statistiche; Controllo Statistico mercato Mediante Feedback; Ascesa Supermercati e centri Commerciali); Rivoluzione Controllo Nei consumi di Massa (Nascita Pubblicit&#xE0; moderna; Nascita moderni Massmedia; Ascesa Radio e Tv; Feedback consumi di Massa; Nascita Sondaggio); informatica e Burocrazia. Conclusioni, Controllo Come motore Societ&#xE0; Informazione (Crisi e Rivoluzione; Informazione e Controllo; Societ&#xE0; Informazione). Bibliografia."</subfield>
  </datafield>
  <datafield tag="650" ind1=" " ind2=" ">
    <subfield code="a">STORIA DELLA COMUNICAZIONE SOCIALE</subfield>
  </datafield>
  <datafield tag="650" ind1=" " ind2=" ">
    <subfield code="e">Codice materia Spics: 3808</subfield>
  </datafield>
  <datafield tag="942" ind1=" " ind2=" ">
    <subfield code="c">BK</subfield>
  </datafield>
  <datafield tag="957" ind1=" " ind2=" ">
    <subfield code="7">1</subfield>
  </datafield>
  <datafield tag="999" ind1=" " ind2=" ">
    <subfield code="c">89797</subfield>
    <subfield code="d">89797</subfield>
  </datafield>
  <datafield tag="999" ind1=" " ind2=" ">
    <subfield code="g">1</subfield>
  </datafield>
  <datafield tag="952" ind1=" " ind2=" ">
    <subfield code="0">0</subfield>
    <subfield code="1">0</subfield>
    <subfield code="4">0</subfield>
    <subfield code="6">H_000000000000000_8235</subfield>
    <subfield code="7">1</subfield>
    <subfield code="a">SPICS</subfield>
    <subfield code="b">SPICS</subfield>
    <subfield code="d">2013-03-08</subfield>
    <subfield code="l">0</subfield>
    <subfield code="o">H8235</subfield>
    <subfield code="r">2013-03-08 00:00:00</subfield>
    <subfield code="w">2013-03-08</subfield>
    <subfield code="y">BK</subfield>
    <subfield code="z">Progressivo inserimento:  17509 /  N. Volumi: 1 Copie: 1  / data import: 1 marzo 2013 - By Epidotti, Trombetti, Vaglietti. </subfield>
  </datafield>
</record>
